• 首页
  • 本馆介绍
  • 公告通知
  • 最新文献
  • 馆藏检索
  • 电子资源
  • 读者导购
  • 参考咨询
  • 我的图书馆
  • 登录
  • 详细信息显示
  • 放入我的书架
  • 预约/预借图书
  • 作者相关作品
  • 分类相关作品
  • 丛书相关作品
  • 出版社相关作品

书目信息

  • 表格格式
  • 工作单格式
  • 卡片格式
题名:
水果切雕
    
 
作者: 李吉川 著
分册:  
出版信息: 北京   中国轻工业出版社  2005.01
页数: 60页
开本: 24cm
丛书名:
单 册:
中图分类: TS972.114
科图分类:
主题词: 菜谱--装饰雕塑--中国--图集 , 菜谱 , 装饰雕塑 , 水果--装饰雕塑--中国--图集 , 水果
电子资源:
ISBN: 7-5019-4704-X
000 00827nam0 2200289 450
001 002823399
005 20110411102323.05
010    @a7-5019-4704-X@dCNY16.80
100    @a20100913d2005 em y0chiy0110 ea
101 0  @achi
102    @aCN@b110000
105    @aa z 000yy
200 1  @a水果切雕@Ashui guo qie diao@f李吉川著
210    @a北京@c中国轻工业出版社@d2005.01
215    @a60页@c图@d24cm
300    @a创意切雕大师
330    @a本书介绍51款水果切雕及应用,12款时尚饮料造型,13款水果拼盘创意,9款大型宴会组合等内容。
606 0  @a菜谱@x装饰雕塑@y中国@j图集
606 0  @a菜谱
606 0  @a装饰雕塑
606 0  @a水果@x装饰雕塑@y中国@j图集
606 0  @a水果
690    @aTS972.114@v5
701  0 @a李吉川@Ali ji chuan@4著
801 0  @c20110411
905    @aBZT@dTS972.114@e14
906    @dCNY16.80@n0@r1
    
    水果切雕/李吉川著.-北京:中国轻工业出版社,2005.01
    60页:图;24cm
    创意切雕大师
    
    ISBN 7-5019-4704-X:CNY16.80
    本书介绍51款水果切雕及应用,12款时尚饮料造型,13款水果拼盘创意,9款大型宴会组合等内容。
●
相关链接 在五车中查询图书 在当当中查询图书 在豆瓣中查询图书


正题名:水果切雕     索取号:TS972.114/14         预约/预借

序号 登录号 条形码 馆藏地/架位号 状态 备注
1 769058   2000769058   中心书库中库/ 中库024架A面2列6层106/ [索取号:TS972.114/14] 在馆    
2 769059   2000769059   中心书库中库/ 中库024架A面2列6层105/ [索取号:TS972.114/14] 在馆    
3 769060   2000769060   中心书库中库/ 中库024架A面2列6层83/ [索取号:TS972.114/14] 在馆    
4 769061   2000769061   中心书库中库/ 中库024架A面2列6层91/ [索取号:TS972.114/14] 在馆    
5 769062   2000769062   中心书库中库/ 中库024架A面2列6层101/ [索取号:TS972.114/14] 在馆    
6 769063   2000769063   中心书库中库/ 中库024架A面2列6层96/ [索取号:TS972.114/14] 在馆    
7 769064   2000769064   中心书库中库/ 中库024架A面2列6层93/ [索取号:TS972.114/14] 在馆    
8 769065   2000769065   中心书库中库/ 中库024架A面2列6层97/ [索取号:TS972.114/14] 在馆    
9 769066   2000769066   中心书库中库/ 中库024架A面2列6层98/ [索取号:TS972.114/14] 在馆    
10 769067   2000769067   中心书库中库/ 中库024架A面2列6层129/ [索取号:TS972.114/14] 在馆    
山东省滨州职业学院图书馆 欢迎您!
大连网信软件有限公司© 版权所有